| 000 | 01776nam a2200373 c 4500 | ||
|---|---|---|---|
| 003 | BLK | ||
| 005 | 20180817110032.0 | ||
| 008 | 180409b bul|||||r ||||||| ||bul|| | ||
| 010 | _aKNG00113967000 | ||
| 020 |
_a954-786-004-6 _bиздат.: ПАЛ |
||
| 040 | _aBLK | ||
| 041 |
_aSER _cDRS _hBUL |
||
| 080 |
_aЛексикология. Езикови речници и разговорници. Лексикография _b81`374 _x=163.41=163.2 _z81`374=163.41=163.2 |
||
| 700 | 1 |
_aЗарков, Антон Живков _eсъстав. и ред. _9311332 |
|
| 700 | 1 |
_aТрифонов, Пламен _eсъстав. и ред. _9311333 |
|
| 700 | 1 |
_aМиков, Михаил _eпредг. от _9311334 |
|
| 139 |
_aЗарков, Антон Живков и др. _bЗ 35 |
||
| 245 | 1 | 0 |
_aСръбско-български речник _cсъстав. и ред. Антон Живков Зарков; състав. и ред. Пламен Трифонов; предг. от Михаил Миков. |
| 246 | 1 | 1 | _aСрпско-бугарски речник |
| 257 | _aBGR | ||
| 260 |
_аСофия _bПАЛ _c2004 _fСофия : Образование и наука |
||
| 300 |
_aХІІ, 596 с. _bс табл. _c21 см |
||
| 380 | _a80 | ||
| 500 | _aСъдържа и Граматичен обзор на сръбския език. - Офс. изд. - Библиогр. с. ХІ. | ||
| 650 | 4 |
_aСръбски език - речници, сръбско-български _9268445 |
|
| 653 | _aсръбски език | ||
| 653 | _aбългарски език | ||
| 653 | _aречници | ||
| 852 | _aЦб 220243 | ||
| 856 | 4 |
_qpdf _u |
|
| 856 | 4 |
_qpdf _u |
|
| 942 |
_cKNG _n0 _01 |
||
| 944 |
_aCR _c07.07.2004 _lф / _kГеновева_Генчева |
||
| 944 |
_aED _c12.02.2015 _lф / _kЛюдмила_Стоянова |
||
| 999 |
_c108658 _d108658 |
||